Score 0/8 Timer 01:00
0 Plays Today
Hint 5-Letter Answer % Correct
►A place where people live ◄►HOUSE◄
100%
Small rodent; computer peripheralMOUSE
100%
Biblical figure who parted the Red SeaMOSES
96.6%
Waters a gardenHOSES
93.1%
►Places where families reside◄►HOMES◄
93.1%
Descriptor for light brown colored hairMOUSY
89.7%
Covered in lichenMOSSY
86.2%
Tiptoe through the tulipsMOSEY
82.8%
Remove Ads.
Support Sporcle.
Get the best of Sporcle when you Go Orange. This ad-free experience offers more features, more stats, and more fun while also helping to support Sporcle. Thank you for becoming a member.

You're not logged in!

Compare scores with friends on all Sporcle quizzes.
OR
Log In

Sporcle TV

Today on Sporcle TV


Watch our educational content, quiz creation guides, and fun videos on Sporcle TV.

Show Comments

Extras

Top Quizzes Today


Score Distribution

Paid Content

Your Account Isn't Verified!

In order to create a playlist on Sporcle, you need to verify the email address you used during registration. Go to your Sporcle Settings to finish the process.

Report this User

Report this user for behavior that violates our Community Guidelines.

Details: